Loading...
| Science - Biology | 0 | 2 | 0 | 1 | 20 | 53 | 67.00 | 0 | 0 |
| Science - Chemistry | 0 | 2 | 0 | 0 | 20 | 49 | 67.50 | 0 | 0 |
| Science - Other Science | 0 | 2 | 1 | 1 | 15 | 57 | 79.50 | 0 | 1 |
| Current Events | 0 | 1 | 0 | 1 | 10 | 99 | 99.00 | 0 | 0 |
| Mythology | 0 | 2 | 2 | 0 | 10 | 44 | 68.50 | 0 | 1 |
| Painting/Sculpture | 0 | 1 | 0 | 0 | 10 | 78 | 78.00 | 0 | 0 |
| Philosophy | 0 | 1 | 0 | 0 | 10 | 78 | 78.00 | 0 | 0 |
| Fine Arts - Classical Music | 0 | 1 | 1 | 0 | 5 | 101 | 101.00 | 0 | 0 |
| Social Science | 0 | 0 | 0 | 0 | 0 | 0.00 | 0 | 0 | |
| Literature - World Literature | 0 | 0 | 0 | 0 | 0 | 0.00 | 0 | 0 | |
| Fine Arts - Other Fine Arts | 0 | 0 | 1 | 0 | -5 | 0.00 | 0 | 0 | |
| Religion | 0 | 0 | 1 | 0 | -5 | 0.00 | 0 | 0 | |
| History - American History | 0 | 0 | 1 | 0 | -5 | 0.00 | 0 | 0 | |
| History - Other History | 0 | 0 | 2 | 0 | -10 | 0.00 | 0 | 0 | |
| Science - Physics | 0 | 0 | 2 | 0 | -10 | 0.00 | 0 | 0 |